A checklist of Zambian vascular plants (Record no. 78236)

MARC details
000 -LEADER
fixed length control field 00874nam a2200193 a 4500
008 - FIXED-LENGTH DATA ELEMENTS--GENERAL INFORMATION
fixed length control field 060705s2005 ||||||||||||||||| || u
020 ## - INTERNATIONAL STANDARD BOOK NUMBER
International Standard Book Number 9991663169
050 ## - LIBRARY OF CONGRESS CALL NUMBER
Classification number QK 720.Z3 Phi
100 ## - MAIN ENTRY--PERSONAL NAME
Personal name Phiri, P. S. M
245 12 - TITLE STATEMENT
Title A checklist of Zambian vascular plants
260 ## - PUBLICATION, DISTRIBUTION, ETC.
Place of publication, distribution, etc. Pretoria:
Name of publisher, distributor, etc. Southern African Botanical Diversity Network(SABONET)
Date of publication, distribution, etc. 2005
300 ## - PHYSICAL DESCRIPTION
Extent xii, 169p.: ill.
350 ## -
-- 0.00
490 ## -
-- Southern African Botannical Diversity Network report, no. 32
650 ## - SUBJECT ADDED ENTRY--TOPICAL TERM
Topical term or geographic name entry element BOTANY
650 ## - SUBJECT ADDED ENTRY--TOPICAL TERM
Topical term or geographic name entry element VASCULAR PLANTS--ZAMBIA
995 ## -
-- SPECIAL COLLECTIONS
-- 0.00
-- 737145
-- CBU-MAIN LIBRARY (Kitwe)
-- 1
-- 0.00
-- ZAM QK 720.Z3 Phi
-- 1
-- AVAILABLE
-- Jul 5, 2006
-- 41880
-- Zambiana Collection
995 ## -
-- MAIN LIBRARY OPEN ACCESS
-- 105000.00
-- 739024
-- CBU-MAIN LIBRARY (Kitwe)
-- 1
-- 0.00
-- QK 720.Z3 Phi
-- 2
-- AVAILABLE
-- Dec 15, 2008
-- 739024
-- Main Library Open Access Collection
999 ## -
-- 78236
-- 78236

No items available.